LEADER 01309nam a2200313 4500 001 991000816009707536 008 050208t 1993it ita d 020 $a8879900048 035 $ab13277303-39ule_inst 040 $aDip.to Lingue$bita 100 1 $aChomsky, Noam$027033 245 10$aAnno 501, la conquista continua :$bl'epopea dell'imperialismo dal genocidio coloniale ai giorni nostri /$cprefazione di Lucio Manisco 250 $aQuarta ristampa: ottobre 1996 260 $aRoma :$bGamberetti,$cc1993 300 $a384 p. ;$c24 cm 440 0$aOrienti ;$v3 504 $aIncludes bibliographical references and index 650 4$aImperialismo$xStoria$y1945-1990 650 4$aColonialismo$xStoria 651 4$aStati Uniti d'America$xPolitica estera$y1945-1990 700 1 $aManisco, Lucio 765 1 $tYear 501 the conquest continues 907 $a.b13277303$b02-09-09$c08-02-05 912 $a991000816009707536 945 $aLE029 327 CHO01.O1$g1$i2029000010008$lle029$op$pE18.00$q-$rn$so $t0$u0$v0$w0$x0$y.i14705436$z01-04-08 945 $aLE012 327.73 CHO 3$g1$i2012000097629$lle012$o-$pE0.00$q-$rl$s- $t0$u3$v3$w3$x0$y.i14001287$z08-02-05 996 $aAnno 501, la conquista continua$9499935 997 $aUNISALENTO 998 $a(2)le029$ale012$b08-02-05$cm$da $e-$fita$git $h0$i3 LEADER 01934nas 2200601- 450 001 996290136403316 005 20240115213021.0 011 $a2472-6311 035 $a(DE-599)ZDB2900310-6 035 $a(OCoLC)950397180 035 $a(CKB)3710000001068762 035 $a(CONSER)--2016200576 035 $a(EXLCZ)993710000001068762 100 $a20160523a20179999 o-- a 101 0 $aeng 135 $aur||||||||||| 181 $ctxt$2rdacontent 182 $cc$2rdamedia 183 $acr$2rdacarrier 200 00$aSLAS technology 210 1$aThousand Oaks, CA :$cSAGE Publications,$d[2017]- 210 31$a[Amsterdam, Netherlands] :$cElsevier 215 $a1 online resource 300 $aRefereed/Peer-reviewed 300 $a"Translating life sciences innovation". 311 $a2472-6303 517 1 $aSociety for Laboratory Automation and Screening technology 531 0 $aSLAS technol. 531 10$aSLAS Technol 606 $aMedical laboratory technology$vPeriodicals 606 $aLaboratories$xEquipment and supplies$vPeriodicals 606 $aLaboratories$xEquipment and supplies$2fast$3(OCoLC)fst00990356 606 $aMedical laboratory technology$2fast$3(OCoLC)fst01014300 606 $aAutomation, Laboratory 606 $aMiniaturization 606 $aInformatics 608 $aPeriodicals.$2fast 608 $aPeriodical. 610 $aPathology 615 0$aMedical laboratory technology 615 0$aLaboratories$xEquipment and supplies 615 7$aLaboratories$xEquipment and supplies. 615 7$aMedical laboratory technology. 615 12$aAutomation, Laboratory. 615 22$aMiniaturization. 615 22$aInformatics. 676 $a616 712 02$aSage Publications. 712 02$aSociety for Laboratory Automation and Screening, 906 $aJOURNAL 912 $a996290136403316 996 $aSLAS technology$92355968 997 $aUNISA